| 000 | 00578nam a22001937a 4500 | ||
|---|---|---|---|
| 005 | 20251108165850.0 | ||
| 008 | 250721s1980 xx 000 0 ara d | ||
| 082 | 1 | 4 | _aط/664.752/روس |
| 100 | 1 | _aروسكو، ب . | |
| 245 | 1 | 0 | _aالخبز / |
| 264 | 1 |
_aبيروت : _bمكتبة لبنان، _c1980. |
|
| 300 | _a51ص؛مص | ||
| 490 | 0 | _aليدبيرد : الكتب الرائدة ؛28 | |
| 650 | 1 | 7 | _aالخبز |
| 653 | _aناشئون صغار ( 10 - 14 سنة ) | ||
| 700 | 1 |
_aالخطيب، أحمد شفيق _eترجمة |
|
| 942 |
_2ddc _cBK |
||
| 999 |
_c33334 _d33334 |
||